Responses for Show #6412 - Tuesday, July 3, 2012

Contestants

[<< previous game]

Leslie Page, a public library director from Woonsocket, Rhode Island

Leo Velazquez, a theme park ride operator from Orange, California

Matt Samberg, an attorney from Pittsburgh, Pennsylvania (whose 2-day cash winnings total $44,601)

[next game >>]

Jeopardy! Round responses

WORDS WITH FRIENDS
FACE THE NATION
LETTER-HEADS
(Alex: Each correct response will be a letter followed by a word.)
DOUBLE DOUBLE E
CLASSIC ALBUMS
ON THE TURNTABLE
    $200 17
"Friends, Romans, countrymen, lend me your ears"

Matt
    $200 1
Australia

Leslie
    $200 14
U-Haul

Matt
    $200 2
a squeegee

Matt
    $200 4
Thriller

Leo
    $200 25
scratching

Leo
    $400 18
the Declaration of Independence

Triple Stumper
    $400 3
Greece

Leslie
    $400 15
P. Diddy

Matt
    $400 8
Jeepers creepers

Leslie
    $400 10
Saturday Night Fever

Matt
    $400 26
Lazy Susan

Leslie
    $600 19
"With A Little Help From My Friends"

Matt
    $600 5
Brazil

Matt
    $600 16
a C-section

Leslie
    $600 9
(Leslie: What is teeny weeny?)

peewee

Leslie
Triple Stumper
    $600 11
Born to Run

Leslie
    $1,900 20
George W. Bush

Matt
    $800 6
Monaco

Matt
    $800 22
T. rex

Leslie
    $800 24
(Leo: What is a bay--uh, what is a sheriff?)

greenskeeper

Leo
Triple Stumper
    $800 12
Stevie Wonder

Leslie
    $1000 21
How to Win Friends and Influence People

Matt
    $1000 7
Burma (or Myanmar)

Matt
    $1000 23
(Leslie: What are C rations?)

K rations

Leslie
Triple Stumper
    $1000 13
Highway to Hell

Triple Stumper
    $1000 27
AWACS

Triple Stumper

Scores at the first commercial break (after clue 15):

Matt Leo Leslie
$3,600 $200 $1,800

Scores at the end of the Jeopardy! Round:

Matt Leo Leslie
$7,300 -$400 $2,600

Double Jeopardy! Round responses

POETIC VERBS
THEY DIED WITH THEIR BOOZE ON
SEE "INSIDE" FOR DETAILS
ANGRY BIRDS
TRANSPORTATION
THIS IS SPORTS SENATOR
    $400 18
stop

Leslie
    $400 1
Joseph McCarthy

Leslie
    $400 13
inside the park

Matt
    $400 8
the bald eagle

Leslie
    $400 6
trucks

Matt
    $800 19
(Leslie: I [*].)
(Alex: That's it.)
["No" heard shouted in the background]
(Alex: No! Sorry.)
...
(Alex: That's it, yes, Leslie forgot to phrase it properly in Double Jeopardy! We have to penalize you then.)

sing

MattLeslie
    $1,500 2
Alexander the Great

Leslie
    $800 14
Inside the Actors Studio

Leo
    $800 9
a roadrunner

Leo
    $800 7
the chairlift

Leslie
    $1200 3
W.C. Fields

Leslie
    $1200 15
an inside straight

Matt
    $1200 10
the woodpecker

Leo
    $1200 20
a tender car

Leo
    $1200 25
Harry Reid

Leo
    $1600 4
(Leslie: Who is Tyrone Power?)
(Leo: Who is Barrymore?)

Errol Flynn

LeoLeslie
Triple Stumper
    $1600 16
insider trading

Leo
    $1600 11
a mockingbird

Leslie
    $1600 21
a mothership

Leo
    $1600 23
Fred Thompson

Leslie
    $2000 5
(Franklin) Pierce

Matt
    $2,000 17
inside the Beltway

Leo
    $2000 12
a quail

Leslie
    $2000 22
(Leslie: What are headlights?)
(Leo: What are horns?)
...
(Alex: "What is [*]?"--so you could see the oncoming traffic better.)

the driver on the left side

LeoLeslie
Triple Stumper
    $2000 24
Tokyo

Leo

Scores at the end of the Double Jeopardy! Round:

Matt Leo Leslie
$12,100 $8,400 $8,100

[wagering suggestions for these scores]

Final Jeopardy! Round responses

1950s MOVIES
(Alex: [*], which starred Eva Marie Saint and Cary Grant.)
LeslieWhat is North by Northwest
$8,000
LeoWhat is North by Northwest?
$7,401
MattWhat is North by Northwest
$4,701
North by Northwest

Final scores:

Matt Leo Leslie
$16,801 $15,801 $16,100
3-day champion: $61,402 3rd place: $1,000 2nd place: $2,000

Game dynamics:

Coryat scores:

Matt Leo Leslie
$11,000 $8,400 $7,400
16 R
(including 1 DD),
0 W
11 R
(including 1 DD),
3 W
17 R
(including 1 DD),
5 W

Combined Coryat: $26,800

[game clues] [game scores] [suggest correction]

Game tape date: 2012-02-22
The J! Archive is created by fans, for fans. Scraping, republication, monetization, and malicious use prohibited; this site may use cookies and collect identifying information. See terms. The Jeopardy! game show and all elements thereof, including but not limited to copyright and trademark thereto, are the property of Jeopardy Productions, Inc. and are protected under law. This website is not affiliated with, sponsored by, or operated by Jeopardy Productions, Inc. Join the discussion at JBoard.tv.